| 000 | nam a22 7a 4500 | ||
|---|---|---|---|
| 999 |
_c128892 _d128892 |
||
| 008 | 190201b xxu||||| |||| 00| 0 eng d | ||
| 050 | _aSPC. E65.V6 | ||
| 100 |
_aVon Hagen, Victor Wolfgang _944361 |
||
| 245 |
_aThe ancient Sun Kingdoms of the Americas _bAztec, Maya, Inca _cVictor Wolfgang Von Hagen |
||
| 260 |
_aLondon _bThames and Hudson _c1962 |
||
| 300 |
_a346p. ; _c23cm. |
||
| 650 |
_aAztecs _944362 |
||
| 650 |
_aMayas _928648 |
||
| 650 |
_aIncas _944363 |
||
| 942 |
_2lcc _cSPC |
||